[Event "Bratislava exe op 2nd"]
[Site "Bratislava"]
[Date "2024.09.19"]
[Round "6"]
[White "Fudala, Dominik"]
[Black "Thompson, Ian D"]
[Result "0-1"]
[WhiteElo "1764"]
[BlackElo "1987"]
[PlyCount "162"]
[EventDate "2024.09.14"]
[EventType "swiss"]
[EventRounds "9"]
[EventCountry "SVK"]
[SourceTitle "EXT 2025"]
[Source "ChessBase"]
[SourceDate "2024.10.14"]
[SourceVersion "1"]
[SourceVersionDate "2024.10.14"]
[SourceQuality "1"]

1. Nf3 d5 2. b3 Nf6 3. Bb2 c5 4. e3 Nc6 5. Bb5 e6 6. 0-0 Be7 7. Ne5 Qb6 8. Nxc6 bxc6 9. Be2 c4 10. d3 cxd3 11. Bxd3 0-0 12. Nd2 c5 13. c4 Bb7 14. Re1 Rfd8 15. Qc2 h6 16. Rad1 a5 17. Bxf6 Bxf6 18. e4 dxe4 19. Bxe4 a4 20. Bxb7 Qxb7 21. Ne4 Bd4 22. Nc3 axb3 23. axb3 Rd7 24. Nb5 Rad8 25. Nxd4 Rxd4 26. Rxd4 Rxd4 27. Rd1 Qe4 28. Qb1 Qe2 29. Re1 Qd2 30. h3 Rd3 31. Re5 Rc3 32. Qe4 Rc1+ 33. Kh2 Qxf2 34. Qe3 Qxe3 35. Rxe3 g6 36. Re5 Rc3 37. Rxc5 Rxb3 38. Rc8+ Kg7 39. c5 h5 40. h4 Kf6 41. c6 Rc3 42. g3 Rc2+ 43. Kh3 Kf5 44. Rc7 f6 45. Rc8 e5 46. Rc7 Ke4 47. Rc8 Kf5 48. Rc7 Rc3 49. Rc8 e4 50. Rc7 Rc4 51. Rc8 Ke6 52. Kg2 Kd6 53. Rg8 Rxc6 54. Rxg6 Ke6 55. Rh6 Rc5 56. Kf2 Rf5+ 57. Ke3 Ke5 58. Rg6 Rf3+ 59. Ke2 Ra3 60. Rg8 Rb3 61. Re8+ Kf5 62. Rg8 Rf3 63. Kd2 Ke5 64. Re8+ Kd5 65. Rd8+ Kc5 66. Rc8+ Kd6 67. Rg8 Ke7 68. Ke2 Kf7 69. Rh8 Rxg3 70. Rxh5 Rh3 71. Kf2 Kg6 72. Rh8 Kf5 73. Kg2 Ra3 74. Rf8 Rf3 75. Rg8 Rf4 76. Kg3 e3 77. Re8 Re4 78. Rxe4 Kxe4 79. h5 Kd3 80. h6 e2 81. Kf2 Kd2 0-1

[Event "Warsaw YMCA Spring-A 273rd"]
[Site "Warsaw"]
[Date "2023.06.15"]
[Round "10"]
[White "Fudala, Dominik"]
[Black "Emmel, Bartosz"]
[Result "1-0"]
[WhiteElo "1537"]
[BlackElo "1475"]
[PlyCount "113"]
[EventDate "2023.04.13"]
[EventType "tourn"]
[EventRounds "11"]
[EventCountry "POL"]
[SourceTitle "EXT 2024"]
[Source "ChessBase"]
[SourceDate "2023.10.10"]
[SourceVersion "1"]
[SourceVersionDate "2023.10.10"]
[SourceQuality "1"]

1. e4 e6 2. d4 d5 3. exd5 exd5 4. Nf3 Bf5 5. Bd3 Bxd3 6. Qxd3 Nc6 7. 0-0 Nf6 8. Ne5 Nxe5 9. dxe5 Ne4 10. Qb5+ Qd7 11. Qxb7 Rd8 12. Nd2 Nxd2 13. Bxd2 Bc5 14. Bb4 Bb6 15. Qa6 c5 16. Bd2 0-0 17. Qd3 Rfe8 18. Rfe1 c4 19. Qg3 Qf5 20. Rac1 Re6 21. Qf4 Qxf4 22. Bxf4 Rde8 23. Rcd1 g5 24. Bxg5 Rxe5 25. Rxe5 Rxe5 26. h4 Re2 27. Rxd5 Rxf2 28. Kh2 Rxc2 29. Bf6 Rf2 30. Bc3 Rf4 31. Kg3 Re4 32. a4 Kf8 33. a5 Bc7+ 34. Kh3 Re3+ 35. Kg4 Rg3+ 36. Kf5 Rxg2 37. Rd7 Bg3 38. Rxa7 Bxh4 39. Rc7 Rf2+ 40. Ke4 h5 41. a6 Re2+ 42. Kd5 Bf2 43. a7 Bxa7 44. Rxa7 h4 45. Ra8+ Ke7 46. Rh8 Rh2 47. Rh6 h3 48. Bf6+ Kd7 49. Be5 Rh1 50. Kxc4 f6 51. Bxf6 h2 52. Bc3 Kc8 53. Kc5 Kd7 54. Kb5 Kc8 55. Kb4 Kb7 56. b3 Kc8 57. Be5 1-0

[Event "Warsaw YMCA Spring-A 273rd"]
[Site "Warsaw"]
[Date "2023.05.18"]
[Round "6"]
[White "Fudala, Dominik"]
[Black "Pichurko, Jakub"]
[Result "0-1"]
[WhiteElo "1537"]
[BlackElo "1631"]
[PlyCount "124"]
[EventDate "2023.04.13"]
[EventType "tourn"]
[EventRounds "11"]
[EventCountry "POL"]
[SourceTitle "EXT 2024"]
[Source "ChessBase"]
[SourceDate "2023.10.10"]
[SourceVersion "1"]
[SourceVersionDate "2023.10.10"]
[SourceQuality "1"]

1. e4 c6 2. d4 d5 3. exd5 cxd5 4. Bd3 Nc6 5. c3 Qc7 6. h3 Nf6 7. Nf3 g6 8. 0-0 Bf5 9. Be2 Bg7 10. Nbd2 0-0 11. a3 a5 12. a4 h6 13. Nh4 Bd7 14. Re1 e5 15. dxe5 Nxe5 16. Nhf3 Nc6 17. Nb3 Rfe8 18. Be3 Rad8 19. Nbd4 Nxd4 20. Bxd4 Bc6 21. Qb3 Nd7 22. Bb5 Bxd4 23. Nxd4 Nc5 24. Qc2 Ne4 25. Re3 Kg7 26. Rae1 Nf6 27. Bd3 Rxe3 28. Rxe3 Re8 29. Bxg6 Rxe3 30. fxe3 Qe5 31. Bd3 Qxe3+ 32. Kf1 Qf4+ 33. Ke1 Ne4 34. Bxe4 dxe4 35. Nxc6 bxc6 36. Qd2 Qe5 37. Qd4 Qxd4 38. cxd4 f5 39. Kf2 f4 40. b4 axb4 41. a5 b3 42. a6 b2 43. a7 b1Q 44. a8Q Qb2+ 45. Kf1 e3 46. Kg1 Qb1+ 47. Kh2 e2 48. Qxc6 e1Q 49. Qd7+ Kf6 50. Qd6+ Kg5 51. Qd8+ Kg6 52. Qd6+ Kh7 53. Qd7+ Kh8 54. Qd8+ Kg7 55. Qd7+ Kf8 56. Qd8+ Qe8 57. Qf6+ Kg8 58. Qxh6 Qf5 59. Qd6 Qeg6 60. Qb8+ Kh7 61. d5 f3 62. Qa7+ Qg7 0-1

[Event "Ustron op-C"]
[Site "Ustron"]
[Date "2021.08.16"]
[Round "4"]
[White "Fudala, Dominik"]
[Black "Szymanski, Wojciech"]
[Result "1-0"]
[WhiteElo "1523"]
[BlackElo "1421"]
[PlyCount "125"]
[EventDate "2021.08.13"]
[EventType "swiss"]
[EventRounds "9"]
[EventCountry "POL"]
[SourceTitle "EXT 2022"]
[Source "ChessBase"]
[SourceDate "2021.10.06"]
[SourceVersion "1"]
[SourceVersionDate "2021.10.06"]
[SourceQuality "1"]

1. e4 c6 2. d4 d5 3. exd5 cxd5 4. Bd3 Nc6 5. c3 Nf6 6. h3 Qc7 7. Ne2 e5 8. dxe5 Nxe5 9. Bb5+ Bd7 10. Bxd7+ Qxd7 11. Bf4 Bd6 12. Bxe5 Bxe5 13. Nd2 Rd8 14. Nf3 Bb8 15. Qd3 0-0 16. 0-0 Rfe8 17. Ned4 a6 18. Rfe1 h6 19. Rad1 Re4 20. Nd2 Rxe1+ 21. Rxe1 Re8 22. Kf1 Rxe1+ 23. Kxe1 Qe8+ 24. Qe2 Kf8 25. Qxe8+ Nxe8 26. Nf5 h5 27. Nb3 Bc7 28. Nc5 g6 29. Nd7+ Kg8 30. Ne7+ Kg7 31. Nxd5 Bd6 32. c4 Nc7 33. Nxc7 Bxc7 34. Nc5 Kf6 35. Ke2 Ke5 36. Kd3 Kd6 37. Ne4+ Kc6 38. Kd4 f5 39. Nc3 b6 40. Nd5 Bd8 41. b4 Kd6 42. a4 Bh4 43. g3 Bd8 44. c5+ bxc5+ 45. bxc5+ Kc6 46. Nb4+ Kb7 47. Kd5 Ba5 48. Nd3 Bd2 49. Kd6 Kc8 50. f3 a5 51. Ne5 Be1 52. Nxg6 Bxg3+ 53. f4 Bh2 54. Kc6 Bg3 55. Kb6 Be1 56. Ne7+ Kb8 57. Nxf5 Bd2 58. Ng7 Bxf4 59. Nxh5 Bc7+ 60. Kc6 Be5 61. Kd5 Bc3 62. Nf4 Kc7 63. h4 1-0